<?xml version="1.0" encoding="UTF-8"?>
<collection xmlns="http://www.loc.gov/MARC21/slim">
 <record>
  <leader>02102caa a2200361   4500</leader>
  <controlfield tag="001">1761910140</controlfield>
  <controlfield tag="003">DE-627</controlfield>
  <controlfield tag="005">20210821005722.0</controlfield>
  <controlfield tag="007">cr uuu---uuuuu</controlfield>
  <controlfield tag="008">210705s2011    xx |||||oo    00| ||eng c</controlfield>
  <datafield tag="035" ind1=" " ind2=" ">
   <subfield code="a">(DE-627)1761910140</subfield>
  </datafield>
  <datafield tag="035" ind1=" " ind2=" ">
   <subfield code="a">(DE-599)KXP1761910140</subfield>
  </datafield>
  <datafield tag="035" ind1=" " ind2=" ">
   <subfield code="a">(OCoLC)1264431482</subfield>
  </datafield>
  <datafield tag="040" ind1=" " ind2=" ">
   <subfield code="a">DE-627</subfield>
   <subfield code="b">ger</subfield>
   <subfield code="c">DE-627</subfield>
   <subfield code="e">rda</subfield>
  </datafield>
  <datafield tag="041" ind1=" " ind2=" ">
   <subfield code="a">eng</subfield>
  </datafield>
  <datafield tag="084" ind1=" " ind2=" ">
   <subfield code="a">KUNST</subfield>
   <subfield code="q">DE-16</subfield>
   <subfield code="2">fid</subfield>
  </datafield>
  <datafield tag="100" ind1="1" ind2=" ">
   <subfield code="a">Pierre, Caterina Y.</subfield>
   <subfield code="e">VerfasserIn</subfield>
   <subfield code="0">(DE-588)101530575X</subfield>
   <subfield code="0">(DE-627)668738928</subfield>
   <subfield code="0">(DE-576)350425159</subfield>
   <subfield code="4">aut</subfield>
  </datafield>
  <datafield tag="245" ind1="1" ind2="0">
   <subfield code="a">Illusions of reality</subfield>
   <subfield code="b">naturalist painting, photography and cinema, 1875-1918 : Van Gogh Museum, Amsterdam, Holland, august 10, 2010-january 16, 2011 : [catalogue:] Illusions of reality: naturalist painting, photography and cinema, 1875-1918, Gabriel P. Weisberg, [...]. Amsterdam: Van Gogh Museum, Amsterdam ; Ateneum Art Museum, Finnish National Gallery, Helsinki ; Mercatorfonds, Brussels, 2010</subfield>
   <subfield code="c">Caterina Y. Pierre, Ph.D.</subfield>
  </datafield>
  <datafield tag="264" ind1=" " ind2="1">
   <subfield code="c">[2011]</subfield>
  </datafield>
  <datafield tag="300" ind1=" " ind2=" ">
   <subfield code="b">Illustrationen</subfield>
  </datafield>
  <datafield tag="336" ind1=" " ind2=" ">
   <subfield code="a">Text</subfield>
   <subfield code="b">txt</subfield>
   <subfield code="2">rdacontent</subfield>
  </datafield>
  <datafield tag="337" ind1=" " ind2=" ">
   <subfield code="a">Computermedien</subfield>
   <subfield code="b">c</subfield>
   <subfield code="2">rdamedia</subfield>
  </datafield>
  <datafield tag="338" ind1=" " ind2=" ">
   <subfield code="a">Online-Ressource</subfield>
   <subfield code="b">cr</subfield>
   <subfield code="2">rdacarrier</subfield>
  </datafield>
  <datafield tag="500" ind1=" " ind2=" ">
   <subfield code="a">Gesehen am 05.07.2021</subfield>
  </datafield>
  <datafield tag="655" ind1=" " ind2="7">
   <subfield code="a">Rezension</subfield>
   <subfield code="0">(DE-588)4049712-4</subfield>
   <subfield code="0">(DE-627)106186019</subfield>
   <subfield code="0">(DE-576)209083166</subfield>
   <subfield code="2">gnd-content</subfield>
  </datafield>
  <datafield tag="773" ind1="0" ind2="8">
   <subfield code="i">Enthalten in</subfield>
   <subfield code="t">Nineteenth century art worldwide</subfield>
   <subfield code="d">College Park, Md. : Univ. of Maryland, 2002</subfield>
   <subfield code="g">10(2011), 1</subfield>
   <subfield code="h">Online-Ressource</subfield>
   <subfield code="w">(DE-627)363760202</subfield>
   <subfield code="w">(DE-600)2107291-7</subfield>
   <subfield code="w">(DE-576)28122398X</subfield>
   <subfield code="x">1543-1002</subfield>
   <subfield code="7">nnns</subfield>
  </datafield>
  <datafield tag="773" ind1="1" ind2="8">
   <subfield code="g">volume:10</subfield>
   <subfield code="g">year:2011</subfield>
   <subfield code="g">number:1</subfield>
  </datafield>
  <datafield tag="787" ind1="0" ind2="8">
   <subfield code="i">Rezension von</subfield>
   <subfield code="t">Illusions of reality</subfield>
   <subfield code="d">Brussels : Mercatorfonds [u.a.], 2010</subfield>
   <subfield code="h">223 S.</subfield>
   <subfield code="w">(DE-627)63856588X</subfield>
   <subfield code="w">(DE-576)333590031</subfield>
   <subfield code="z">9789061539414</subfield>
   <subfield code="z">9061539412</subfield>
  </datafield>
  <datafield tag="856" ind1="4" ind2="0">
   <subfield code="u">https://www.19thc-artworldwide.org/spring11/illusions-of-reality-naturalist-painting-photography-theatre-cinema-exhibition</subfield>
   <subfield code="x">Verlag</subfield>
   <subfield code="z">kostenfrei</subfield>
   <subfield code="3">Volltext</subfield>
  </datafield>
  <datafield tag="951" ind1=" " ind2=" ">
   <subfield code="a">AR</subfield>
  </datafield>
  <datafield tag="994" ind1=" " ind2=" ">
   <subfield code="u">https://www.19thc-artworldwide.org/spring11/illusions-of-reality-naturalist-painting-photography-theatre-cinema-exhibition</subfield>
  </datafield>
  <datafield tag="991" ind1=" " ind2=" ">
   <subfield code="a">Rezension (Veranstaltung, Ausstellung)</subfield>
  </datafield>
  <datafield tag="999" ind1=" " ind2=" ">
   <subfield code="a">KXP-PPN1761910140</subfield>
   <subfield code="e">4635307077</subfield>
  </datafield>
 </record>
</collection>
